The Almond Flowers and Other Stories/ (Record no. 216392)

MARC details
000 -LEADER
fixed length control field 00606nam a22002057a 4500
005 - DATE AND TIME OF LATEST TRANSACTION
control field 20260529113454.0
010 ## - LCCN (DPL NO)
LC control number ENG-148632
020 ## - INTERNATIONAL STANDARD BOOK NUMBER
International Standard Book Number 9789354423178
Terms of availability 740.00
035 ## - SYSTEM CONTROL NUMBER
System control number EN-132164
037 ## - SOURCE OF ACQUISITION
Source of stock number/acquisition DBAD
082 ## - DEWEY DECIMAL CLASSIFICATION NUMBER
Classification number S
Edition number 1
100 ## - MAIN ENTRY--PERSONAL NAME
Personal name Gharai, Anil
245 ## - TITLE STATEMENT
Title The Almond Flowers and Other Stories/
Statement of responsibility, etc Anil Gharai [and] Edited by Indranil Acharya
250 ## - EDITION STATEMENT
Edition statement 1
260 ## - PUBLICATION, DISTRIBUTION, ETC. (IMPRINT)
Place of publication, distribution, etc Telangana
Name of publisher, distributor, etc Orient BlackSwan
Date of publication, distribution, etc 2022
270 ## - ADDRESS
Address 3-6-752 Himanyanagar Hyderabad
City Telangana
Postal code 500029
300 ## - PHYSICAL DESCRIPTION
Extent 195p.
Dimensions 21cm(pb)
700 ## - ADDED ENTRY--PERSONAL NAME
Personal name Indranil Acharya
Relator term Editor
9 (RLIN) 89229
942 ## - ADDED ENTRY ELEMENTS (KOHA)
Source of classification or shelving scheme Dewey Decimal Classification
Item type English Books
Classification part S
Call number suffix GHA
Holdings
Withdrawn status Lost status Not for loan Collection code Home library Current library Date acquired Source of acquisition Cost, normal purchase price Full call number Barcode Copy number Cost, replacement price Koha item type
    Not For Loan Fiction D.B.Act.Division D.B.Act.Division 29/05/2026 Delivery of Books Act Division 740.00 S GHA EN-132164 1 740.00 English Books

© Delhi Public Library
Hit Counter
free hit counter